Video and other nonprint resources in the small library

Αποθηκεύτηκε σε:
Λεπτομέρειες βιβλιογραφικής εγγραφής
Κύριος συγγραφέας: Kaye, Alan L.
Μορφή: Βιβλίο
Γλώσσα:English
Δημοσίευση: Chicago : American Library Association, 1991
Σειρά:Small libraries publications ; ; 16
Θέματα:
Ετικέτες: Προσθήκη ετικέτας
Δεν υπάρχουν, Καταχωρήστε ετικέτα πρώτοι!

MARC

LEADER 00000nam a2200000 i 4500
001 1/89028
008 990826s1991 eng d
020 |a 0-8389-5734-X 
035 |l 10052680 
040 |a GR-MY-UA  |b gre  |e aacr 
041 0 |a eng 
082 0 |a 025.287 
100 1 |a Kaye, Alan L. 
245 1 0 |a Video and other nonprint resources in the small library /  |c Alan L. Kaye 
260 |a Chicago :   |b American Library Association,   |c 1991 
300 |a 15 p. 
490 1 |a Small libraries publication  |v ; 16 
650 0 0 |a Libraries  |x Special collections  |x Video tapes. 
650 0 0 |a Libraries  |x Special collections  |x Nonbook materials. 
650 0 0 |a Nonbook materials  |x Collectors and collecting. 
650 0 0 |a Video recordings  |x Collectors and collecting. 
650 0 0 |a Small libraries  |x Collection development. 
650 0 0 |a Audio-visual library service. 
830 0 |a Small libraries publications ;  |v ; 16 
852 |a INST  |b LESVOS  |e 19990826  |h 025.287 KAY  |p 005100015864  |q 005100015864  |t BK  |y 0 
901 |a BIBL1-1999-2 
909 |a Λ  |b 062280 
922 |a 1ΕΛΗ  |b 199812  |c 23/ΚΕΝΤΡΙΚΗ ΥΠΗΡΕΣΙΑ ΒΙΒΛΙΟΘΗΚΗΣ 
950 |a  023-1998-09-14 
970 |z 1999/08/27  |a ΚΑΜΑΤΣΟΥ  |b ΔΕΣΠΟΙΝΑ